| 000 | 00677cam a2200241 a 4500 | ||
|---|---|---|---|
| 999 |
_c1797 _d1797 |
||
| 001 | 6632021 | ||
| 003 | GBCCL | ||
| 005 | 20241126110409.0 | ||
| 008 | 040706s2003 ii af 000 0aeng c | ||
| 020 | _a8172147813 | ||
| 020 | _a9788172147815 | ||
| 035 | _a(OCoLC)ocn691065015 | ||
| 035 | _a6632021 | ||
| 040 | _cgbc | ||
| 082 |
_a266.0092 _bBAL |
||
| 100 | 1 |
_aBalraj, James E. _93724 |
|
| 245 | 1 | 2 |
_aA salesman's journey to mission / _cJames E. Balraj. |
| 260 |
_aNew Delhi : _bIndian Society for Promoting Christian Knowledge, _c2003. |
||
| 300 |
_a201p.; _c20 cm. |
||
| 650 |
_aMissions _vBiography _93775 |
||
| 710 | 2 |
_aI.S.P.C.K. (Organization) _9393 |
|
| 942 |
_2ddc _cBK |
||